000
00315 a2200133 4500
028
_a
The Ideal Publisher
090
_c
5612
_d
5612
100
_a
Hamid Ali
245
_a
The Official Secrets Act.1923
250
_a
Revised Ed
260
_a
The Ideal Publishers
300
_a
18
942
_a
NBS
_c
REF
_k
648.95491 ALI
999
_c
348016
_d
348016